CYTOLOGY GENETICS EVOLUTION AND PLANT BREEDING (Record no. 13792)

MARC details
000 -LEADER
fixed length control field 00339nam a22001457a 4500
003 - CONTROL NUMBER IDENTIFIER
control field SGT
020 ## - INTERNATIONAL STANDARD BOOK NUMBER
International Standard Book Number 1234567145923
082 ## - DEWEY DECIMAL CLASSIFICATION NUMBER
Item number GUP
100 ## - MAIN ENTRY--PERSONAL NAME
Personal name GUPTA, P.K
245 ## - TITLE STATEMENT
Title CYTOLOGY GENETICS EVOLUTION AND PLANT BREEDING
260 ## - PUBLICATION, DISTRIBUTION, ETC. (IMPRINT)
Place of publication, distribution, etc NEW DELHI
Name of publisher, distributor, etc RASTOGI PUBLICATION
Year of Publication 1998
300 ## - PAGE DESCRIPTION
No. of Pages 60
650 ## - SUBJECT ADDED ENTRY--TOPICAL TERM
Topical term or geographic name as entry element AGRICULTURE
942 ## - ADDED ENTRY ELEMENTS (KOHA)
Source of classification or shelving scheme Dewey Decimal Classification
Koha item type Books
942 ## - ADDED ENTRY ELEMENTS (KOHA)
-- 1
Holdings
Withdrawn status Lost status Source of classification or shelving scheme Damaged status Not for loan Home library Current library Shelving location Date acquired Vendor Name SGTU Total Checkouts Full call number Accession No. (Barcode) Date last seen Date last borrowed Bill Date Koha item type
    Dewey Decimal Classification     SGT Science & Social Sciences Library SGT Science & Social Sciences Library Text Book 09/11/2017 ABC BOOKS SGTU 1 GUP AG430 27/04/2022 13/04/2022 09/11/2017 Books